Mapes i cartògrafs a la Catalunya contemporània : 1833-1941 : els inicis i la consolidació de la cartografia topogràfica 1833-1941 :
ISBN:
8423206173
Descripción Física:
237 p., [16] p. de làm. : map., plàn., fot.; 24 cm
Colección:
Camí ral ; 15
Otros Autores:
Dalmau, Rafael
MARC
| LEADER | 00000nam a2200000Ia 4500 | ||
|---|---|---|---|
| 001 | 24034 | ||
| 008 | 160829s2000 xx 000 0 cat d | ||
| 020 | |a 8423206173 | ||
| 080 | |a Bib-35 | ||
| 100 | |a Montaner, Maria Carme, |d 1958- |9 50121 | ||
| 245 | |a Mapes i cartògrafs a la Catalunya contemporània : |b 1833-1941 : |b els inicis i la consolidació de la cartografia topogràfica | ||
| 260 | |a Barcelona : |b Rafael Dalmau : |b Institut Cartogràfic de Catalunya, |c 2000 | ||
| 300 | |a 237 p., [16] p. de làm. : |b map., plàn., fot.; |c 24 cm | ||
| 490 | |a Camí ral ; 15 | ||
| 590 | |a Bibliografia. Índex | ||
| 650 | |a Cartografia |x Catalunya |x Història |x 1833-1941 |9 50122 | ||
| 700 | 1 | |a Dalmau, Rafael |9 50123 | |
| 710 | 2 | |a Institut Cartogràfic de Catalunya |9 53041 | |
| 901 | |a Arxiu | ||
| 942 | |n 1 | ||
| 952 | |0 0 |1 0 |4 0 |6 BIB35 |7 1 |9 55797 |a Arxiu |b Arxiu |d 2016-12-01 |l 0 |o Bib-35 |p 24034 |r 2016-12-01 00:00:00 |w 2016-12-01 |y ARXIU | ||
| 999 | |c 59670 |d 59670 | ||